| 000 | 00702nam a2200205Ia 4500 | ||
|---|---|---|---|
| 003 | GCL | ||
| 008 | 140319s9999 xx 000 0 ara d | ||
| 040 |
_aGCL / _cGCL |
||
| 082 | 0 | 4 |
_a322.1 _bك ت |
| 100 | 1 | _aكمال حبيب | |
| 245 | 1 | 0 |
_aتحولات الحركة الاسلامية والاستراتيجية الامريكية / _cكمال حبيب |
| 700 | 1 | _aاحمد سعيد | |
| 250 | _aالاولى | ||
| 260 |
_aالقاهرة : _bدار مصر المحروسة ، _c2005 |
||
| 300 |
_a300ص ؛ _c24سم |
||
| 650 | 0 | 4 | _aالاسلام والاصلاح السياسى |
| 650 | 0 | 4 | _aاحداث 11 سبتمبر |
| 650 | 0 | 4 | _aالاخوان المسلمون - مصر |
| 942 |
_2ddc _cBK |
||
| 999 |
_c8647 _d8647 |
||